=LDR 00000nam 2200000 4500 =001 NUTBA000000000000163 =005 20140317180841.0 =006 =007 =008 =035 ##$$0010-031400000000162 =040 ##$$a NBPDMAT =082 ##$$a 611 =090 ##$$a 611$bSya a =100 ##$$a Syaifuddin =245 ##$$a Anatomi fisiologi$bkurikulum berbasis kompetensi untuk keperawatan dan kebidanan =250 ##$$a Ed.4 =260 ##$$a Jakarta $b Egc $c 2011 =300 ##$$a vii,663 hlm.$bilus$c25 cm. =650 ##$$a anatomi =850 ##$$a NBPNMAT =990 ##$$a 90277/BPAP-NTB/2014 =990 ##$$a 0001/BPAP-NTB/2016